La deuda externa: conflicto de conflictos

Guardado en:
Bibliografiske detaljer
Hovedforfatter: Charpentier, Silvia
Format: Texto
Udgivet: Heredia: UNA. CEMLA
Tags: Tilføj Tag
Ingen Tags, Vær først til at tagge denne postø!

MARC

LEADER 00000 a a2200000 04500
001 22453
003
040
090 |a 153000  
100 |a Charpentier, Silvia  
245 |a La deuda externa: conflicto de conflictos  
260 |a Heredia:   |b UNA. CEMLA  
300 |a 20 p.  
999 |c 9453  |d 9453